Loading...
Fine Arts - Other Fine Arts | 1 | 4 | 0 | 2 | 55 | 20 | 97.20 | 1 | 5 |
Fine Arts - Auditory Fine Arts | 2 | 3 | 2 | 1 | 50 | 48 | 86.60 | 1 | 5 |
Mythology | 0 | 4 | 0 | 0 | 40 | 93 | 102.75 | 3 | 4 |
Literature - European Literature | 0 | 3 | 0 | 2 | 30 | 104 | 126.33 | 0 | 2 |
Literature - World Literature | 0 | 3 | 0 | 0 | 30 | 74 | 96.00 | 2 | 3 |
History - European History | 1 | 1 | 0 | 0 | 25 | 63 | 88.50 | 2 | 2 |
Literature - British Literature | 0 | 3 | 2 | 0 | 20 | 111 | 116.33 | 0 | 3 |
Fine Arts - Visual Fine Arts | 0 | 3 | 2 | 2 | 20 | 131 | 139.00 | 0 | 2 |
History - American History | 0 | 2 | 0 | 1 | 20 | 72 | 109.00 | 1 | 2 |
History - Other History | 0 | 2 | 0 | 0 | 20 | 103 | 104.50 | 0 | 2 |
History - World History | 0 | 2 | 0 | 1 | 20 | 106 | 120.00 | 0 | 2 |
Literature - American Literature | 0 | 2 | 0 | 0 | 20 | 81 | 99.50 | 1 | 2 |
Religion | 0 | 2 | 0 | 1 | 20 | 116 | 122.50 | 0 | 1 |
Other Academic | 1 | 0 | 0 | 0 | 15 | 55 | 55.00 | 1 | 1 |
Philosophy | 0 | 1 | 0 | 0 | 10 | 77 | 77.00 | 0 | 1 |
Pop Culture | 0 | 1 | 1 | 1 | 5 | 140 | 140.00 | 0 | 1 |
Social Science | 0 | 0 | 1 | 0 | -5 | 0.00 | 0 | 0 |